| 000 | 00626nam a22002177a 4500 | ||
|---|---|---|---|
| 005 | 20250623113008.0 | ||
| 010 | _aENG-145522 | ||
| 020 |
_a818575392X _c695.00 |
||
| 035 | _aEN-1129054 | ||
| 037 | _bDBAD | ||
| 082 |
_aS _21 _b1 |
||
| 100 |
_aNaik, M. K. _982223 |
||
| 245 |
_aIndian English Fiction: _bA Critical Study/ _cM.K. Naik [and] Shyamala A. Narayan |
||
| 250 | _a1 | ||
| 260 |
_bAnurag Jain Pencraft International _c2009 _aNew Delhi |
||
| 270 | _aB-1/41, Ashok Vihar II | ||
| 300 |
_a299p. _c22cm(hb) |
||
| 700 |
_aNaik, M. K. _982223 |
||
| 700 |
_aNarayan, Shyamala A. _982224 |
||
| 942 |
_2ddc _cEN _hS _mNAI _e1 |
||
| 999 |
_c211896 _d211896 |
||